000 00265nam a2200121Ia 4500
100 _aAbbott W
942 _cBK
654 _aMachine Drawing And Design
245 _aMachine Drawing And Design
260 _bBlackie And Sons
082 _a604.2
546 _aENGLISH
999 _c19774
_d19774